000
00327nam a22001217a 4500
008
200220b ||||| |||| 00| 0 eng d
020
_a
9788173711466
082
_a
420.920 TIW
100
_a
TIWARI Arun
245
_a
APJ Abdul Kalam Wings Of Fire
_b
An Autobiography
_h
English
260
_a
New Delhi
_b
University Press
999
_c
8497
_d
8497